| 000 | 00546nam a22001697a 4500 | ||
|---|---|---|---|
| 020 | _qHard Cover. | ||
| 082 | _a621.382 | ||
| 100 | _aGhafoor, Huma | ||
| 245 |
_aACAR-Anchor-based Connectivity Aware Routing in VANNETs _cHuma Ghafoor. |
||
| 260 |
_aIslamabad: _bSEECS - NUST. _c2012. |
||
| 300 |
_axi, 49 p. : ill. ; _c30cm. |
||
| 650 |
_aMs Thesis. _918721 |
||
| 700 |
_aDr. N. D. Gohar. _919819 |
||
| 856 | _uhttp://10.250.8.41:8080/xmlui/handle/123456789/31082 | ||
| 942 |
_2ddc _cTHE |
||
| 999 |
_c528202 _d528202 |
||